| 000 | 00460nam a2200157Ia 4500 | ||
|---|---|---|---|
| 008 | 151021s9999 xx 000 0 und d | ||
| 020 | _a9.7881269145e+012 | ||
| 050 | _aPN 3335.H34 2010 | ||
| 245 | _a_Studying the novel (6th ed.)/ Jeremy Hawthorn | ||
| 260 | _aNew York : Atlantic, 2010 | ||
| 300 | _ax,274 p. | ||
| 500 | _aIncludes Index | ||
| 500 | _aIncludes Index | ||
| 650 | _a_Fiction and Novel Studying | ||
| 980 | _a^d20140121 11:28:20^oanne | ||
| 999 |
_c14703 _d14703 |
||